00421nam a2200133 a 450000500170000000800410001705000180005810000240007624500220010026000420012244000060016499900190017095200980018920140414131856.0100828s19uu xx 00 eng d aFILbD61 2002 aTejido, Jose Miguel aSi Dindo Pundido. aManila, Philippines :bAdarna,c2002. a  c110469d110469 001040aMUbMUcFILd2010-08-28l0oFIL D61 2002pM0881r2014-04-14 00:00:00w2014-04-14yBK